|
|
|
|
| LEADER |
00000cam a22000004a 4500 |
| 001 |
musev2_5041 |
| 003 |
MdBmJHUP |
| 005 |
20230905040615.0 |
| 006 |
m o d |
| 007 |
cr||||||||nn|n |
| 008 |
050513s2006 nyu o 00 0 eng d |
| 010 |
|
|
|z 2005014025
|
| 020 |
|
|
|a 9780791482063
|
| 020 |
|
|
|z 0791466795
|
| 020 |
|
|
|z 9780791466797
|
| 035 |
|
|
|a (OCoLC)74814143
|
| 040 |
|
|
|a MdBmJHUP
|c MdBmJHUP
|
| 043 |
|
|
|a e-uk---
|
| 050 |
0 |
4 |
|a RC464.A1
|b G74 2006
|
| 082 |
0 |
|
|a 616.8/001/9
|2 22
|
| 100 |
1 |
|
|a Musselman, Elizabeth Green,
|d 1971-
|
| 245 |
1 |
0 |
|a Nervous Conditions :
|b Science and the Body Politic in Early Industrial Britain /
|c Elizabeth Green Musselman.
|
| 264 |
|
1 |
|a Albany :
|b State University of New York Press,
|c 2006.
|
| 264 |
|
3 |
|a Baltimore, Md. :
|b Project MUSE,
|c 2012
|
| 264 |
|
4 |
|c ©2006.
|
| 300 |
|
|
|a 1 online resource (288 pages):
|b ill. ;
|
| 336 |
|
|
|a text
|b txt
|2 rdacontent
|
| 337 |
|
|
|a computer
|b c
|2 rdamedia
|
| 338 |
|
|
|a online resource
|b cr
|2 rdacarrier
|
| 504 |
|
|
|a Includes bibliographical references (p. 229-266) and index.
|
| 505 |
0 |
|
|a Embodied epistemology -- The nervous man of science -- The social hierarchy of subjectivity -- The nervous conditions -- Provincialism and color blindness -- Mental governance and hemiopsy -- Rational faith and hallucination.
|
| 588 |
|
|
|a Description based on print version record.
|
| 650 |
2 |
2 |
|a Science
|x history
|z Great Britain.
|
| 650 |
2 |
2 |
|a History, 19th Century
|z Great Britain.
|
| 650 |
1 |
2 |
|a Nervous System Diseases
|x history
|z Great Britain.
|
| 650 |
|
0 |
|a Science
|x Philosophy
|x History
|y 19th century.
|
| 650 |
|
0 |
|a Nervous system
|x Philosophy
|x History
|y 19th century.
|
| 650 |
|
0 |
|a Scientists
|x Mental health
|z Great Britain
|x History
|y 19th century.
|
| 655 |
|
7 |
|a Electronic books.
|2 local
|
| 710 |
2 |
|
|a Project Muse.
|e distributor
|
| 830 |
|
0 |
|a Book collections on Project MUSE.
|
| 856 |
4 |
0 |
|z Texto completo
|u https://projectmuse.uam.elogim.com/book/5041/
|
| 945 |
|
|
|a Project MUSE - Custom Collection
|
| 945 |
|
|
|a Project MUSE - Archive Complete Foundation
|
| 945 |
|
|
|a Project MUSE - Archive History Foundation
|